| 000 | 00697nac a22002051u 4500 | ||
|---|---|---|---|
| 020 | _a0131757385 | ||
| 082 |
_a004.2 _bM2853 |
||
| 090 |
_c4280 _d4280 |
||
| 100 | _aMano, Morris M. | ||
| 245 |
_aComputer system Architecture _cM. Morris Mano |
||
| 250 | _a3th ed. | ||
| 260 |
_bPrentice-Hall, _cc1993. |
||
| 300 |
_a[576]p. : _c 24 cm. |
||
| 500 | _aPrevious ed.: 1982. | ||
| 504 | _aBibliography: p514. -Includes index | ||
| 650 | _aComputer architecture. | ||
| 650 | _aComputers Design | ||
| 942 |
_cBB _k004.2M2853 |
||
| 999 |
_c4280 _d4280 |
||